Normal view
MARC view
- Nanomaterials, Nanotechnologies and design
Entry Topical Term
001 - CONTROL NUMBER
- control field: 124697
003 - CONTROL NUMBER IDENTIFIER
- control field: NUST
005 - DATE AND TIME OF LATEST TRANSACTION
- control field: 20240722113113.0
008 - FIXED-LENGTH DATA ELEMENTS
- fixed length control field: 240722|| aca||aabn | a|a d
040 ## - CATALOGING SOURCE
- Original cataloging agency: NUST
- Transcribing agency: NUST
150 ## - HEADING--TOPICAL TERM
- Topical term or geographic name entry element: Nanomaterials, Nanotechnologies and design
670 ## - SOURCE DATA FOUND
- Source citation: Work cat.: (NUST): Michael F. Ashby 122448, Nanomaterials, Nanotechnologies and design, 2009.
